00498nam a22001457a 4500003000400000005001700004008004100021040001100062041001200073100005400085245008300139260004500222650002700267856005800294OSt20260310112911.0260310b |||||||| |||| 00| 0 eng d cMRSPTU aEnglish aHarmanpreet Singh, Supervisor: Sarbjeet Kaur Bath aInvestigation of Factors Affecting the Efficiency of Solar Photocoltaic System bDepartment of EE, MRSPTU, Bathindac2017 aElectrical Engineering uhttp://163.47.215.52:8080/jspui/handle/123456789/1170